Loading...
| History - Other History | 2 | 0 | 0 | 0 | 30 | 63 | 71.50 | 2 | 2 |
| History - World History | 1 | 1 | 1 | 0 | 20 | 56 | 76.50 | 2 | 2 |
| Literature - European Literature | 1 | 1 | 1 | 0 | 20 | 53 | 68.00 | 1 | 2 |
| Literature - World Literature | 1 | 0 | 0 | 0 | 15 | 42 | 42.00 | 1 | 1 |
| Social Science | 0 | 1 | 0 | 0 | 10 | 108 | 108.00 | 0 | 1 |
| Fine Arts - Auditory Fine Arts | 0 | 1 | 0 | 0 | 10 | 97 | 97.00 | 0 | 1 |
| Geography | 0 | 1 | 0 | 0 | 10 | 87 | 87.00 | 1 | 1 |
| Literature - British Literature | 0 | 1 | 0 | 0 | 10 | 92 | 92.00 | 1 | 1 |
| Mythology | 0 | 1 | 0 | 0 | 10 | 84 | 84.00 | 0 | 1 |
| Pop Culture | 0 | 1 | 0 | 0 | 10 | 128 | 128.00 | 1 | 1 |
| Current Events | 0 | 1 | 0 | 0 | 10 | 97 | 97.00 | 1 | 1 |
| History - American History | 0 | 1 | 1 | 0 | 5 | 105 | 105.00 | 1 | 1 |
| Science - Chemistry | 0 | 0 | 1 | 0 | -5 | 0.00 | 0 | 0 | |
| Literature - American Literature | 0 | 0 | 1 | 0 | -5 | 0.00 | 0 | 0 | |
| Science - Biology | 0 | 0 | 1 | 0 | -5 | 0.00 | 0 | 0 |